000 00400nam a2200133Ia 4500
008 170106s2011||||xx |||||||||||||| ||und||
020 _a9788125042976
082 _a886
_bPAN
100 _aPanjabi, Kavita
245 0 _aPoetics and politics of sufism and bhakti in South Asia : love, loss and liberation
260 _aNew Delhi
_bOrient Blackswan
_c2011
300 _ax, 305p. ; 21.5cm.
942 _cBK
999 _c21428
_d21428